01767cam a2200409 a 4500999001700000001000900017003000400026005001700030008004100047010001700088015001900105016001800124020001500142020001800157035002300175035003700198040005400235043001200289050002400301082002100325100003200346245007700378260004800455300004800503504006600551650004900617650003900666650006100705650005900766650004600825856008200871856010600953856009101059906004501150942003601195952012601231 c24088d2408814653766OSt20170127162022.0061201s2007 ctua b 001 0 eng  a 2006100423 aGBA6A57582bnb7 a0136290992Uk a0300123426 a9780300123425 a(OCoLC)ocm76902016 a(OCoLC)76902016z(OCoLC)77256434 aDLCcDLCdBAKERdBTCTAdUKMdYDXCPdC#PdIXAdDLC ae-it---00aN6921.F7bR468 200700a709.45/510242221 aRubin, Patricia Lee,d1951-10aImages and identity in fifteenth-century Florence /cPatricia Lee Rubin. aNew Haven :bYale University Press,cc2007. axxiii, 418 p. :bill. (some col.) ;c27 cm. aIncludes bibliographical references (p. [366]-400) and index. 0aArt, ItalianzItalyzFlorencey15th century. 0aArt, RenaissancezItalyzFlorence. 0aArt and societyzItalyzFlorencexHistoryy15th century. 0aArt patronagezItalyzFlorencexHistoryy15th century. 0aVisual perceptionxHistoryy15th century.413Table of contents onlyuhttp://www.loc.gov/catdir/toc/ecip076/2006100423.html423Contributor biographical informationuhttp://www.loc.gov/catdir/enhancements/fy0704/2006100423-b.html423Publisher descriptionuhttp://www.loc.gov/catdir/enhancements/fy0704/2006100423-d.html a7bcbccorignewd1eecipf20gy-gencatlg 2lcccBOOKShN 6921 .F7R468 2007 00102lcc4070aMUCbMUCcTECHd2017-01-27eDonation (BFA)l0oN 6921 .F7R468 2007p32565r2018-07-11w2017-01-27yBOOKS